[Event "10th EICC"]
[Site "Budva MNE"]
[Date "2009.03.16"]
[Round "10"]
[White "Andriasian,Z"]
[Black "Papaioannou,I"]
[Result "1/2-1/2"]
[WhiteElo "2564"]
[BlackElo "2609"]
[EventDate "2009.03.06"]

1. e4 d5 2. exd5 Qxd5 3. Nc3 Qa5 4. Nf3 Nf6 5. d4 Bf5 6. Bc4 e6 7. Bd2 Bb4
8. a3 Bxc3 9. Bxc3 Qb6 10. Qe2 O-O 11. O-O-O Nc6 12. g4 Bxg4 13. Rhg1 Rfe8
14. Bd3 Rad8 15. h3 Bf5 16. Rg5 Bxd3 17. Qxd3 Rd5 18. h4 Qa6 1/2-1/2

[Event "10th EICC"]
[Site "Budva MNE"]
[Date "2009.03.16"]
[Round "10"]
[White "Milanovic,Da"]
[Black "Lupulescu,C"]
[Result "1/2-1/2"]
[WhiteElo "2552"]
[BlackElo "2608"]
[EventDate "2009.03.06"]

1. d4 Nf6 2. c4 g6 3. Nc3 d5 4. Bf4 Bg7 5. e3 O-O 6. Nf3 c6 7. h3 Be6 8.
Ng5 Bf5 9. Be2 h6 10. Nf3 Nbd7 11. O-O dxc4 12. Bxc4 Nb6 13. Bb3 Nbd5 14.
Bh2 Nxc3 15. bxc3 Qc8 16. Ne5 Be6 17. Rb1 b6 18. c4 Bf5 19. Rc1 Nd7 20. Nf3
g5 21. Re1 Be4 22. Nd2 Bg6 23. Nf3 Be4 24. Nd2 Bg6 25. c5 bxc5 26. Qf3 Qa6
27. Ne4 cxd4 28. exd4 Rac8 29. Ng3 e6 30. h4 Nf6 31. hxg5 hxg5 32. Re5 Nh7
33. Nh5 Bh8 34. Bc4 Qb6 35. Qg4 Bxh5 36. Qxh5 Qxd4 37. Re3 Bg7 38. Rh3 Nf6
39. Qxg5 Qxf2+ 40. Kh1 Ne4 41. Qh5 Qf5 42. Qxf5 exf5 43. Rf3 Bd4 44. Rcf1
Kg7 45. Rxf5 Rh8 46. Rxf7+ Kg6 47. R7f3 Be5 48. Rh3 Rxh3 49. gxh3 Bxh2 50.
Kxh2 Rd8 51. h4 Rd4 52. Bf7+ Kg7 53. Bb3 Nd2 54. Rf7+ Kg6 55. Rxa7 1/2-1/2

[Event "10th EICC"]
[Site "Budva MNE"]
[Date "2009.03.16"]
[Round "10"]
[White "Berkes,F"]
[Black "Nijboer,F"]
[Result "1/2-1/2"]
[WhiteElo "2651"]
[BlackElo "2560"]
[EventDate "2009.03.06"]

1. d4 d6 2. Nf3 g6 3. e4 Nf6 4. Nc3 Bg7 5. Be2 O-O 6. O-O c6 7. h3 Nbd7 8.
e5 dxe5 9. dxe5 Nd5 10. Nxd5 cxd5 11. Bf4 Nc5 12. Qc1 Ne6 13. Bg3 Bd7 14.
Rd1 Qb6 15. c3 Bb5 16. Bxb5 Qxb5 17. Nd4 Nxd4 18. Rxd4 e6 19. Rb4 Qa6 20.
Qf1 Qxf1+ 21. Kxf1 Rab8 22. c4 Rfd8 23. Bh4 Rd7 24. Bf6 Rc8 25. Rd1 Bxf6
26. exf6 h6 27. h4 Rcc7 28. g4 g5 29. h5 a5 30. Ra4 b6 31. Ke2 Kf8 32. Rc1
Rc6 33. b4 e5 34. bxa5 bxa5 35. Rxa5 Rxf6 36. Rxd5 Rxd5 37. cxd5 Rf4 38.
Ra1 Rxg4 39. a4 Rd4 40. a5 Rxd5 41. a6 Rd8 42. a7 Ra8 43. Kd3 f5 44. Kc4 g4
45. Kd5 f4 46. Ke4 f3 47. Ra6 Kg7 48. Ke3 Kh7 49. Ra4 Kh8 50. Kd2 Kh7 51.
Ke3 Kh8 52. Kd3 Kh7 53. Kd2 Kh8 54. Ke1 Kh7 55. Kd2 Kh8 56. Kd3 Kh7 57. Ra2
Kg7 58. Ra6 Kh7 59. Ke4 Kg7 60. Kxe5 g3 61. Rg6+ Kh7 62. Rxg3 Rxa7 63. Rxf3
Ra5+ 64. Kf6 Ra6+ 65. Kf5 Ra5+ 66. Kg4 Rg5+ 67. Kh4 Kh8 68. Rf4 Kh7 69. f3
Rg1 70. Ra4 Kh8 71. Ra7 Kg8 72. f4 Kh8 73. Ra3 Kh7 74. Rg3 Ra1 75. Rg6 Rh1+
76. Kg4 Ra1 77. Re6 Kg7 78. Kf5 Ra5+ 79. Re5 Ra7 80. Rc5 Kf7 81. Rd5 Rb7
82. Rd6 Rb5+ 83. Kg4 Kg7 84. Rd7+ Kg8 85. Re7 Ra5 86. Re5 Ra7 87. Re6 Kg7
88. Rg6+ Kh7 89. Rd6 Ra5 90. Rd7+ Kg8 91. Re7 Rb5 92. Re5 Rb7 93. Rd5 Kg7
94. Ra5 Kf6 95. Ra6+ Kg7 96. Kf5 Rf7+ 97. Ke5 Re7+ 98. Re6 Ra7 99. Rg6+ Kh7
100. Rd6 Kg7 101. Ke6 Rf7 102. Ke5 Re7+ 103. Re6 Ra7 104. Rg6+ Kh7 105. Rb6
Kg7 106. f5 Re7+ 107. Re6 Ra7 108. Rg6+ Kf7 109. Rxh6 Ra5+ 110. Kf4 Ra1
111. Rh7+ Kf6 112. Rh6+ Kf7 113. Rb6 Rf1+ 114. Kg5 Rg1+ 115. Kh6 Rf1 116.
Rb5 Rg1 117. Rb8 Rf1 118. Rb5 Rg1 119. Rb4 Rg2 120. Ra4 Rg1 121. Ra7+ Kf6
122. Kh7 Kxf5 123. Rf7+ Ke6 124. Rg7 Rh1 125. h6 Kf6 126. Rg2 Kf7 127. Rf2+
Ke7 128. Rf5 Rh2 129. Ra5 Kf7 130. Ra7+ Kf8 131. Kg6 Rg2+ 132. Kf6 Rf2+
133. Kg6 Rg2+ 134. Kh7 Rh2 135. Ra1 Kf7 136. Rg1 Rh3 137. Rg5 Rh1 138. Rf5+
Ke7 139. Kg7 Rg1+ 140. Kh8 Rh1 141. h7 Rg1 142. Ra5 1/2-1/2

[Event "10th EICC"]
[Site "Budva MNE"]
[Date "2009.03.16"]
[Round "10"]
[White "Savchenko,B"]
[Black "Yemelin,V"]
[Result "1-0"]
[WhiteElo "2654"]
[BlackElo "2578"]
[EventDate "2009.03.06"]

1. Nf3 Nf6 2. c4 e6 3. Nc3 d5 4. d4 Bb4 5. Bg5 Nbd7 6. e3 c5 7. cxd5 exd5
8. Bd3 Qa5 9. O-O c4 10. Bc2 Bxc3 11. bxc3 O-O 12. Ne5 Ne4 13. Be7 Re8 14.
Bb4 Qc7 15. Bxe4 Nxe5 16. Bxd5 Nd3 17. Qf3 Nxb4 18. cxb4 Rb8 19. a4 Be6 20.
Rfc1 Bxd5 21. Qxd5 Rec8 22. g3 g6 23. Rc3 a6 24. b5 1-0

[Event "10th EICC"]
[Site "Budva MNE"]
[Date "2009.03.16"]
[Round "10"]
[White "Predojevic,B"]
[Black "Romanov,E"]
[Result "1/2-1/2"]
[WhiteElo "2650"]
[BlackElo "2576"]
[EventDate "2009.03.06"]

1. e4 e6 2. d4 d5 3. Nc3 Bb4 4. e5 c5 5. a3 Bxc3+ 6. bxc3 Ne7 7. h4 Qc7 8.
h5 h6 9. Nf3 b6 10. Bb5+ Bd7 11. Bd3 Ba4 12. O-O Nd7 13. Nh4 c4 14. Be2 g5
15. hxg6 fxg6 16. g3 O-O-O 17. Be3 Rdg8 18. Qd2 g5 19. Ng2 Nf8 20. Rab1 Nf5
21. Rb4 Be8 22. a4 Qe7 23. Rfb1 h5 24. Bxc4 dxc4 25. d5 Qb7 26. Bxb6 axb6
27. Rxb6 Qxd5 28. Rb8+ Kc7 29. R1b7+ Kc6 30. Rb6+ Kc7 31. R6b7+ Qxb7 32.
Qd8+ Kc6 33. Rxb7 Kxb7 34. Qxe8 Rg7 35. Qb5+ Kc8 36. a5 Rc7 37. Qe8+ Kb7
38. Qb5+ Ka8 39. Qe8+ Ka7 40. Qd8 Rb7 41. Ne3 Nxe3 42. Qd4+ Ka6 43. Qd6+
Kxa5 44. Qd8+ Kb5 45. fxe3 h4 46. Qe8+ Rd7 47. e4 h3 48. Qb8+ Kc6 49. Qc8+
Rc7 50. Qe8+ Kc5 51. Kh2 g4 52. Qb8 Kc6 53. Qe8+ Kb7 54. Qb5+ Ka8 55. Qe8+
Ka7 56. Qa4+ Kb6 57. Qb4+ Ka7 58. Qa4+ Kb8 59. Qb5+ Rb7 60. Qe8+ Kc7 61.
Qe7+ Nd7 62. Qxe6 Rb6 63. Qxg4 Rb2 64. e6 Rxc2+ 65. Kh1 Rc1+ 66. Kh2 Rc2+
67. Kh1 Rc1+ 68. Kh2 Ne5 69. Qf4 Rc2+ 70. Kh1 Kd6 71. e7 Ra8 72. Qf6+ Kd7
73. Qf5+ Kd6 74. Qf6+ Kd7 75. Qf5+ Kd6 76. Qf6+ Kd7 77. Qf5+ Kd6 1/2-1/2

[Event "10th EICC"]
[Site "Budva MNE"]
[Date "2009.03.16"]
[Round "10"]
[White "Riazantsev,A"]
[Black "Khairullin,I"]
[Result "1/2-1/2"]
[WhiteElo "2634"]
[BlackElo "2574"]
[EventDate "2009.03.06"]

1. d4 Nf6 2. c4 g6 3. Nc3 Bg7 4. e4 d6 5. h3 O-O 6. Nf3 e5 7. d5 Nh5 8. Nh2
Qe8 9. Be2 Nf4 10. Bf3 f5 11. g3 Nxh3 12. Bg2 Qf7 13. Qf3 fxe4 14. Qxf7+
Rxf7 15. Be3 Na6 16. Nxe4 Bf5 17. f3 h6 18. Ng4 Nf4 19. gxf4 exf4 20. Nxh6+
Bxh6 21. Rxh6 fxe3 22. Ng5 Nb4 23. Ke2 Re8 24. Ne6 Bxe6 25. Rxg6+ Kh7
1/2-1/2

[Event "10th EICC"]
[Site "Budva MNE"]
[Date "2009.03.16"]
[Round "10"]
[White "Deviatkin,A"]
[Black "Lysyj,I"]
[Result "0-1"]
[WhiteElo "2566"]
[BlackElo "2620"]
[EventDate "2009.03.06"]

1. a3 d5 2. Nf3 g6 3. c4 d4 4. e3 Nc6 5. b4 Bg7 6. Bb2 e5 7. b5 Nce7 8. d3
c5 9. Nbd2 b6 10. exd4 exd4 11. g3 Bb7 12. Bg2 Nf6 13. O-O O-O 14. Nh4 Bxg2
15. Nxg2 h6 16. Nf4 Qd7 17. Re1 g5 18. Nh5 Nxh5 19. Qxh5 Ng6 20. Nf3 Rfe8
21. h4 g4 22. Nh2 Ne5 23. Bc1 Nxd3 24. Rxe8+ Rxe8 25. Bxh6 Re5 26. Qxg4
Qxg4 27. Nxg4 Bxh6 28. Nxh6+ Kg7 29. f4 Re2 30. Ng4 Nb2 31. Kf1 d3 32. Nf2
Rc2 33. Re1 Rxf2+ 34. Kxf2 d2 0-1

[Event "10th EICC"]
[Site "Budva MNE"]
[Date "2009.03.16"]
[Round "10"]
[White "Mikhalevski,V"]
[Black "Popov,Val"]
[Result "1-0"]
[WhiteElo "2608"]
[BlackElo "2561"]
[EventDate "2009.03.06"]

1. d4 d5 2. c4 e6 3. Nf3 c6 4. e3 Nf6 5. b3 Nbd7 6. Bb2 Ne4 7. Bd3 Bb4+ 8.
Nbd2 f5 9. O-O O-O 10. a3 Bd6 11. Ne5 Bxe5 12. dxe5 Nxd2 13. Qxd2 Nc5 14.
Qc2 Nxd3 15. Qxd3 f4 16. f3 Qb6 17. Rfe1 Bd7 18. a4 fxe3 19. a5 Qd8 20.
Qxe3 Qh4 21. Bd4 Rf5 22. Bxa7 Rh5 23. h3 Qg3 24. Qf2 Rxh3 25. Qxg3 Rxg3 26.
Bf2 Rg5 27. g4 Rg6 28. Be3 Rf8 29. Kg2 Rf5 30. a6 bxa6 31. Rxa6 h5 32. Ra8+
Kh7 33. Rd8 Rxe5 34. Kg3 dxc4 1-0

[Event "10th EICC"]
[Site "Budva MNE"]
[Date "2009.03.16"]
[Round "10"]
[White "Iljushin,A"]
[Black "Berg,E"]
[Result "0-1"]
[WhiteElo "2564"]
[BlackElo "2606"]
[EventDate "2009.03.06"]

1. Nf3 f5 2. g3 Nf6 3. Bg2 g6 4. O-O Bg7 5. d4 O-O 6. b4 Nc6 7. a3 d6 8.
Bb2 e5 9. dxe5 Ng4 10. Nbd2 Ngxe5 11. Nxe5 Nxe5 12. c4 Nf3+ 13. exf3 Bxb2
14. Rb1 Bf6 15. f4 c6 16. b5 Qc7 17. Nb3 Be6 18. Qd3 Rad8 19. Rfd1 Bf7 20.
bxc6 bxc6 21. Nd4 d5 22. cxd5 Bxd5 23. Nxc6 Bxc6 24. Qc4+ Kh8 25. Bxc6
Rxd1+ 26. Rxd1 Rc8 27. Rc1 Qd6 28. a4 Kg7 29. Kg2 Rc7 30. Rc2 Qd1 31. h3 h5
32. h4 Qd6 33. a5 Qd1 34. a6 Qd6 35. Qb5 Kh6 36. Rc4 Bd4 37. Qa4 Bxf2 38.
Kxf2 Qd2+ 39. Kg1 Re7 40. Bg2 Qe1+ 41. Kh2 Re3 42. Rc1 Qxc1 43. Qd4 Qc3 44.
Qxa7 Qe1 0-1

[Event "10th EICC"]
[Site "Budva MNE"]
[Date "2009.03.16"]
[Round "10"]
[White "Svetushkin,D"]
[Black "Mastrovasilis,A"]
[Result "1-0"]
[WhiteElo "2593"]
[BlackElo "2486"]
[EventDate "2009.03.06"]

1. d4 Nf6 2. c4 e6 3. Nc3 d5 4. cxd5 exd5 5. Bg5 Be7 6. e3 c6 7. Bd3 Nbd7
8. Nge2 O-O 9. Qc2 Re8 10. f3 Nf8 11. g4 Bxg4 12. fxg4 Nxg4 13. h4 Bxg5 14.
hxg5 g6 15. e4 Qxg5 16. Qd2 Ne3 17. Rh3 dxe4 18. Bc4 Qe7 19. Qxe3 1-0

[Event "10th EICC"]
[Site "Budva MNE"]
[Date "2009.03.16"]
[Round "10"]
[White "Hillarp Persson,T"]
[Black "Chirila,I"]
[Result "1-0"]
[WhiteElo "2586"]
[BlackElo "2485"]
[EventDate "2009.03.06"]

1. d4 Nf6 2. Nf3 e6 3. g3 c5 4. Bg2 Nc6 5. O-O d5 6. c4 Be7 7. cxd5 exd5 8.
Nc3 O-O 9. dxc5 Bxc5 10. Na4 Be7 11. Be3 Bg4 12. Rc1 Qd7 13. Re1 Rfe8 14.
Bc5 Bd8 15. Nc3 Rc8 16. a3 Bc7 17. Nd4 b6 18. Nxc6 bxc5 19. Nxd5 Bb6 20.
Nxf6+ gxf6 21. Qa4 Bxe2 22. Qf4 Bb5 23. Ne7+ Kg7 24. Nxc8 Qxc8 25. Rxe8
Qxe8 26. Be4 Qe5 27. Qxe5 fxe5 28. Bd5 f5 29. Kg2 Kf6 30. f4 e4 31. Bc4 Ba4
32. Kf2 Bc6 33. Rd1 Bc7 34. Ke3 Be8 35. Rd5 Bc6 36. Rd2 Be8 37. h3 h5 38.
Be2 Bc6 39. Bxh5 1-0

[Event "10th EICC"]
[Site "Budva MNE"]
[Date "2009.03.16"]
[Round "10"]
[White "Gagunashvili,M"]
[Black "Talla,V"]
[Result "1-0"]
[WhiteElo "2585"]
[BlackElo "2407"]
[EventDate "2009.03.06"]

1. d4 Nf6 2. c4 g6 3. Nc3 Bg7 4. Nf3 O-O 5. Bg5 d6 6. e3 h6 7. Bh4 c5 8. d5
g5 9. Bg3 Nh5 10. Bd3 f5 11. Qc2 e5 12. dxe6 Bxe6 13. Rd1 Nc6 14. Be2 Nxg3
15. hxg3 Qe7 16. O-O Rad8 17. Rd2 Rd7 18. Rfd1 Bxc3 19. Qxc3 Rfd8 20. a3
Qg7 21. Qc2 Qf7 22. Rc1 b6 23. Rdd1 d5 24. cxd5 Bxd5 25. Rxd5 Rxd5 26. Bc4
Kg7 27. b4 Qe7 28. Bxd5 Rxd5 29. Nd2 Ne5 30. Nb3 Nd7 31. bxc5 Nxc5 32. Nd4
Qd7 33. Nf3 Qd6 34. a4 Qd7 35. Ra1 Ne4 36. Nd4 Rc5 37. Qb3 Kh8 38. Qd3 Qd5
39. Qe2 Kg7 40. g4 fxg4 41. Qxg4 Nf6 42. Qe2 Qd7 43. Rd1 Rd5 44. Qc4 Kh8
45. Qc2 Kg7 46. Qb3 Kh8 47. Qc4 Rc5 48. Qa2 Rd5 49. Qb3 Kg7 1-0

[Event "10th EICC"]
[Site "Budva MNE"]
[Date "2009.03.16"]
[Round "10"]
[White "Tiviakov,S"]
[Black "Hera,I"]
[Result "1-0"]
[WhiteElo "2684"]
[BlackElo "2527"]
[EventDate "2009.03.06"]

1. e4 e5 2. Bc4 Nf6 3. d3 c6 4. Nf3 d5 5. Bb3 Bd6 6. exd5 Nxd5 7. O-O O-O
8. Re1 Nd7 9. d4 N5f6 10. Nc3 exd4 11. Qxd4 Nc5 12. Bg5 h6 13. Bh4 g5 14.
Rad1 Bxh2+ 15. Kxh2 Qxd4 16. Rxd4 gxh4 17. Rxh4 Kg7 18. Bc4 Be6 19. Ne5
Rae8 20. Re3 Bxc4 21. Rxc4 Ncd7 22. Nxd7 Nxd7 23. Rg3+ Kh7 24. Ra4 a6 25.
Ne4 b5 26. Rd4 c5 27. Ng5+ hxg5 28. Rxd7 Kg6 29. f4 f6 30. Rd6 g4 31. Rxg4+
Kf5 32. Kh3 Rh8+ 33. Rh4 Rxh4+ 34. Kxh4 Re2 35. g4+ Kxf4 36. Rxf6+ Ke5 37.
Rf5+ Kd6 38. g5 Rxc2 39. g6 Rh2+ 40. Kg3 Rh1 41. Kf4 c4 42. g7 Rf1+ 43. Kg5
Re1 44. Kg6 1-0

[Event "10th EICC"]
[Site "Budva MNE"]
[Date "2009.03.16"]
[Round "10"]
[White "Novikov,St1"]
[Black "Ivanisevic,I"]
[Result "0-1"]
[WhiteElo "2523"]
[BlackElo "2628"]
[EventDate "2009.03.06"]

1. c4 e5 2. Nc3 Nc6 3. g3 Bc5 4. Bg2 d6 5. e3 a6 6. Nge2 Ba7 7. d4 exd4 8.
exd4 Nge7 9. O-O O-O 10. Be3 Nf5 11. Qd2 h6 12. Nd5 Re8 13. b4 Nce7 14.
Ndf4 c6 15. Nc3 Bd7 16. a4 Rc8 17. Qd3 Nxe3 18. fxe3 Nf5 19. Ne4 Qe7 20.
Rae1 Kh8 21. Kh1 g6 22. Re2 Ng7 23. Nc3 Nf5 24. c5 Rcd8 25. e4 Ng7 26. Ref2
dxc5 27. bxc5 Bc8 28. Qc4 b5 29. cxb6 Bxb6 30. Nfe2 Be6 31. Qxa6 Bxd4 32.
Nxd4 Rxd4 33. Ne2 Rd2 34. Nf4 Rxf2 35. Rxf2 Qc5 36. Rf1 Bc4 37. Rc1 Rd8 38.
Qb7 Qe3 39. Rg1 g5 40. Qxc6 gxf4 41. Qxc4 f3 42. Bh3 Ne6 43. Qc6 Kg7 44.
Rf1 Ng5 45. e5 Ne4 46. e6 Rd1 0-1

[Event "10th EICC"]
[Site "Budva MNE"]
[Date "2009.03.16"]
[Round "10"]
[White "Mchedlishvili,M"]
[Black "Skoberne,J"]
[Result "1/2-1/2"]
[WhiteElo "2619"]
[BlackElo "2489"]
[EventDate "2009.03.06"]

1. d4 d6 2. Nf3 g6 3. e4 Nf6 4. Nc3 Bg7 5. Be2 O-O 6. O-O Bg4 7. Be3 Nc6 8.
h3 Bxf3 9. Bxf3 e5 10. dxe5 dxe5 11. Nb5 a6 12. Qxd8 Rfxd8 13. Nxc7 Rac8
14. Nd5 Nxd5 15. exd5 Nd4 16. Bxd4 exd4 17. Be4 f5 18. Bd3 1/2-1/2

[Event "10th EICC"]
[Site "Budva MNE"]
[Date "2009.03.16"]
[Round "10"]
[White "Parligras,M"]
[Black "Nikolov,Mo"]
[Result "1/2-1/2"]
[WhiteElo "2605"]
[BlackElo "2478"]
[EventDate "2009.03.06"]

1. d4 Nf6 2. c4 e6 3. Nf3 b6 4. g3 Bb7 5. Bg2 c5 6. d5 exd5 7. cxd5 Bxd5 8.
Nc3 Bb7 9. Bf4 Nh5 10. Bd6 Bxd6 11. Qxd6 Qe7 12. Nb5 Na6 13. O-O Bc6 14.
Qd3 O-O 15. Nd6 Nb4 16. Qd2 Nf6 17. Nf5 Qe6 18. N5d4 Qe7 19. Nf5 Qe6 20.
N5d4 Qe8 21. Nf5 Ne4 22. Qf4 Nd5 23. Qg4 g6 24. N3h4 Ndf6 25. Nh6+ Kg7 26.
Qf4 Qb8 27. Qc1 Qe5 28. f3 Nd6 29. e4 Qh5 30. Qf4 Qxh6 31. Qxd6 Qe3+ 32.
Kh1 Qe2 33. Qe5 Rae8 34. Qc3 Qb5 35. Rad1 a5 36. a3 a4 37. Rd3 Re5 38. f4
Rxe4 39. g4 Rc4 40. Qe5 Bxg2+ 41. Nxg2 Re8 42. Qg5 h6 43. Qh4 Rd4 44. Rdf3
Ree4 45. g5 hxg5 46. Qxg5 Rd5 47. Qg3 Qxb2 48. f5 Rg4 49. Qh3 Rxg2 50. Qxg2
Qxg2+ 51. Kxg2 g5 52. Rb1 Rd2+ 53. Rf2 Rd3 54. Rxb6 Rxa3 55. Rf3 Ra2+ 56.
Rf2 Ra1 57. Rf1 Rxf1 58. Kxf1 d5 59. Ke2 Ne4 60. Ra6 a3 61. Kd3 a2 62. Rxa2
Kf6 63. Ra7 Nd6 64. Ra5 Ne4 65. Ra7 Nd6 66. Ra5 Kxf5 67. Rxc5 Ke5 68. Rc7
g4 69. Re7+ Kf6 70. Re1 Nf5 71. Re2 Ng7 72. Rg2 Kg5 73. h3 f5 74. hxg4 fxg4
1/2-1/2

[Event "10th EICC"]
[Site "Budva MNE"]
[Date "2009.03.16"]
[Round "10"]
[White "Szabo,G ROM"]
[Black "Sedlak,N"]
[Result "1-0"]
[WhiteElo "2506"]
[BlackElo "2592"]
[EventDate "2009.03.06"]

1. e4 c5 2. Nf3 d6 3. d4 cxd4 4. Nxd4 Nf6 5. Nc3 Bd7 6. Bc4 e6 7. Be3 Be7
8. Qe2 a6 9. Bb3 b5 10. O-O-O O-O 11. a3 Qa5 12. g4 d5 13. e5 Ne4 14. Nxe4
dxe4 15. Bd2 Qc7 16. Qxe4 Nc6 17. f4 b4 18. axb4 a5 19. Nb5 axb4 20. Be3
Qc8 21. Nd6 Bxd6 22. exd6 Na5 23. Qxb4 Qc6 24. Ba2 Rfe8 25. c3 Reb8 26. Qd4
Qb5 27. b4 Qa4 28. Qd2 Nb7 29. Bb1 Na5 30. Qa2 Qc6 31. Qc2 g6 32. bxa5 Rxa5
33. Rhf1 Rab5 34. Ba2 Qa6 35. Rd4 Rb2 36. Qxb2 Qxf1+ 37. Kc2 Qe2+ 38. Bd2
Ba4+ 39. Bb3 Bxb3+ 40. Qxb3 Rxb3 41. Kxb3 Qb5+ 42. Kc2 Qd7 43. c4 f6 44.
Kb3 e5 45. fxe5 fxe5 46. Rd5 Kf7 47. Bb4 Ke6 48. Kc3 e4 49. Bc5 h6 50. h3
h5 51. Kd2 Kf6 52. g5+ Kf7 53. h4 Ke8 54. Re5+ Kd8 55. Ke3 Qh3+ 56. Kxe4
Qxh4+ 57. Kd5 Qh1+ 58. Ke6 Qc6 59. Rd5 h4 60. Kf7 Qe8+ 61. Kf6 Kd7 62. Bd4
Qe4 63. Be5 Qf5+ 64. Kg7 Qxg5 65. Rc5 Ke6 66. Rd5 Kd7 67. Rc5 Ke6 68. Rd5
Qd8 69. d7 g5 70. Kg6 g4 71. Bf4 Qxd7 72. Re5+ Kd6 73. Rd5+ Kc6 74. Rxd7
Kxd7 75. Kf5 Kc6 76. Ke4 Kc5 77. Kd3 g3 78. Kc3 1-0

[Event "10th EICC"]
[Site "Budva MNE"]
[Date "2009.03.16"]
[Round "10"]
[White "Nyzhnyk,I"]
[Black "Damljanovic,B"]
[Result "1-0"]
[WhiteElo "2504"]
[BlackElo "2587"]
[EventDate "2009.03.06"]

1. e4 c5 2. Nf3 d6 3. d4 cxd4 4. Nxd4 Nf6 5. f3 e5 6. Nb3 Be7 7. c4 a5 8.
Be3 a4 9. N3d2 Qa5 10. Nc3 O-O 11. Be2 Bd7 12. O-O Na6 13. Kh1 Nc7 14. Rb1
Ne6 15. Nd5 Nxd5 16. cxd5 Nc5 17. Nc4 Qc7 18. Qd2 b5 19. Na3 Qb7 20. Rbc1
Rfc8 21. Rfd1 Bd8 22. Qe1 Ba5 23. Qf1 Rab8 24. Rc2 Bb4 25. Rcc1 h6 26. h3
Ba5 27. Kh2 Bd8 28. Qe1 Bg5 29. Bxg5 hxg5 30. Qd2 f6 31. Nc2 Kf7 32. Nb4
Ke7 33. Rc3 Rh8 34. Qe3 Qb6 35. Rdc1 Rb7 36. Kg1 Ra8 37. Kh2 Kf7 38. R1c2
g6 39. Rc1 Rf8 40. R1c2 Kg7 41. Rc1 Rf7 42. R1c2 Rf8 43. Rc1 Rbb8 44. R1c2
Rf7 45. Rc1 Qd8 46. Rd1 Qb6 47. Rdc1 Kh8 48. R1c2 Rh7 49. Rc1 Kg7 50. Bf1
Kh8 51. Be2 Rh5 52. Bf1 Rh7 53. Be2 Kg8 54. Bf1 Rg7 55. Be2 f5 56. Qxg5
fxe4 57. f4 exf4 58. Qxf4 Rf8 59. Qg3 g5 60. Nc6 Rf4 61. Nd4 Nd3 62. Bxd3
Qxd4 63. Be2 Qxd5 64. Rd1 Qe5 65. Kg1 b4 66. Bc4+ Kh7 67. Re3 Bc6 68. Bf1
d5 69. Qe1 d4 70. Re2 Bb5 71. Rf2 Bxf1 72. Rxf1 e3 73. Rxf4 Qxf4 74. Qe2
Rd7 75. Rf1 Qe5 76. Qg4 Re7 77. Rf5 e2 78. Qh5+ Kg7 79. Qxg5+ 1-0

[Event "10th EICC"]
[Site "Budva MNE"]
[Date "2009.03.16"]
[Round "10"]
[White "Chadaev,N"]
[Black "Antic,De"]
[Result "1/2-1/2"]
[WhiteElo "2568"]
[BlackElo "2495"]
[EventDate "2009.03.06"]

1. e4 e5 2. Nf3 Nf6 3. d4 Nxe4 4. dxe5 d5 5. Bd3 Be7 6. O-O Nc5 7. Be2 Nc6
8. Be3 O-O 9. Nc3 Be6 10. Nb5 Nd7 11. Bf4 Bc5 12. c3 Bb6 13. Nbd4 Nxd4 14.
cxd4 f6 15. Qd2 fxe5 16. Nxe5 c6 17. Nxd7 Qxd7 18. Be5 Rae8 19. Rae1 Bg4
20. f4 Bxe2 21. Rxe2 c5 22. dxc5 Bxc5+ 23. Kh1 b6 24. Rd1 Rd8 25. Qd3 Qf7
26. g3 Rd7 27. a3 Rfd8 28. Kg2 a5 29. Red2 d4 30. Qf3 a4 31. Rd3 Rd5 32.
R1d2 Qd7 33. h3 Qf5 34. Re2 R8d7 35. Qe4 Qf8 36. Rc2 Qe8 37. Qf3 Rd8 38.
Re2 Qf7 39. Re4 Qb7 40. h4 b5 41. h5 Qf7 42. Re2 b4 43. axb4 Bxb4 44. Rc2
Bd6 45. Rxd4 Bxe5 46. Rxd5 Qxd5 47. fxe5 Qxe5 48. Re2 Qf6 49. Qxf6 gxf6 50.
Kf3 Kf7 51. g4 Rd3+ 52. Kf4 Rb3 1/2-1/2

[Event "10th EICC"]
[Site "Budva MNE"]
[Date "2009.03.16"]
[Round "10"]
[White "Larino Nieto,D"]
[Black "Shomoev,A"]
[Result "0-1"]
[WhiteElo "2488"]
[BlackElo "2567"]
[EventDate "2009.03.06"]

1. e4 c5 2. Nc3 d6 3. g3 Nc6 4. Bg2 g6 5. d3 Bg7 6. f4 Nf6 7. h3 O-O 8. Nf3
Rb8 9. O-O b5 10. g4 b4 11. Ne2 a5 12. a3 Nd7 13. axb4 axb4 14. f5 Bb7 15.
Qe1 Nde5 16. Nxe5 Nxe5 17. Qh4 b3 18. g5 bxc2 19. f6 Bh8 20. Ra3 Ra8 21.
Rf4 exf6 22. gxf6 Rxa3 23. bxa3 Nxd3 24. Rf1 Nxc1 25. Nxc1 Re8 26. Rf4 Re6
0-1

[Event "10th EICC"]
[Site "Budva MNE"]
[Date "2009.03.16"]
[Round "10"]
[White "Grigoriants,S RUS"]
[Black "Sofronie,I"]
[Result "1-0"]
[WhiteElo "2565"]
[BlackElo "2471"]
[EventDate "2009.03.06"]

1. e4 e5 2. Nf3 Nc6 3. Bb5 a6 4. Ba4 Nf6 5. O-O b5 6. Bb3 Bc5 7. a4 Rb8 8.
d3 d6 9. Be3 O-O 10. h3 Be6 11. Bxe6 fxe6 12. Bxc5 dxc5 13. axb5 axb5 14.
Nc3 Qd6 15. Ra6 b4 16. Nb1 Ra8 17. Rxa8 Rxa8 18. Nbd2 Nd7 19. Nc4 Qe7 20.
c3 h6 21. Qc2 Kh7 22. Rc1 Qf6 23. Qd1 bxc3 24. bxc3 Ne7 25. Ra1 Rxa1 26.
Qxa1 Ng6 27. Qa7 Qd8 28. g3 Nb6 29. Ncxe5 Nxe5 30. Nxe5 Qd6 31. Ng4 Qxd3
32. Qxc7 Nd7 33. e5 Qd1+ 34. Kh2 h5 35. Ne3 Qd2 36. Kg2 Qd3 37. Kh2 Qd2 38.
Kg2 Qd3 39. Kf3 Qb5 40. c4 Qa4 41. Kf4 Nf8 42. Qf7 Ng6+ 43. Kg5 Nxe5 44.
Qxe6 Qa1 45. f4 Nf3+ 46. Kxh5 Nd4 47. Qe4+ Kh8 48. Qe8+ Kh7 49. Qg6+ Kh8
50. f5 Nxf5 51. Nxf5 Qc3 52. Kg4 1-0

[Event "10th EICC"]
[Site "Budva MNE"]
[Date "2009.03.16"]
[Round "10"]
[White "Serov,M"]
[Black "Maletin,P"]
[Result "0-1"]
[WhiteElo "2352"]
[BlackElo "2557"]
[EventDate "2009.03.06"]

1. Nf3 c5 2. d4 cxd4 3. Nxd4 Nc6 4. g3 g6 5. Bg2 Bg7 6. Nb3 d6 7. O-O h5 8.
h4 Nf6 9. Nc3 O-O 10. Bg5 Bg4 11. f3 Be6 12. e4 Bc4 13. Re1 d5 14. e5 Nh7
15. Bf4 e6 16. Nc5 Rc8 17. Kh1 Qc7 18. Nd3 Bxd3 19. cxd3 Bxe5 20. Rxe5 Nxe5
21. d4 f6 22. dxe5 fxe5 23. Bh6 e4 24. Bxf8 Rxf8 25. f4 Qb6 26. Qe2 Nf6 27.
Bh3 Kf7 28. Rd1 Rd8 29. Kg2 a6 30. Re1 Qc6 31. Kh2 b5 32. a3 Nd7 33. Qd2
Rc8 34. Bf1 Nf6 35. Bh3 Qc5 36. Rc1 Rc7 37. Re1 a5 38. Rc1 Qb6 39. Na2 Rc4
40. b3 Rxc1 41. Nxc1 d4 42. b4 a4 43. Ne2 d3 44. Nc3 Qd4 45. Qa2 Nd5 46.
Nxb5 Qb6 47. Qb2 Qxb5 48. Qe5 Qd7 49. Qxe4 d2 50. Qe2 Nc3 0-1

[Event "10th EICC"]
[Site "Budva MNE"]
[Date "2009.03.16"]
[Round "10"]
[White "Popov,Iv RUS"]
[Black "Georgiadis,I"]
[Result "1/2-1/2"]
[WhiteElo "2541"]
[BlackElo "2383"]
[EventDate "2009.03.06"]

1. e4 c5 2. Nf3 d6 3. d4 cxd4 4. Nxd4 Nf6 5. Nc3 a6 6. f4 e5 7. Nf3 Nbd7 8.
Bc4 b5 9. Bd5 Rb8 10. a3 Be7 11. Be3 Nxd5 12. Nxd5 O-O 13. O-O Bb7 14. Qd3
Bxd5 15. exd5 Bf6 16. c3 Re8 17. Nd2 exf4 18. Bxf4 Ne5 19. Bxe5 Bxe5 20.
Kh1 Rb7 21. Rae1 Rbe7 22. a4 Qd7 23. axb5 axb5 24. Re4 Bf6 25. Rfe1 Rxe4
26. Rxe4 g6 27. h3 Kg7 28. Rxe8 Qxe8 29. Nf3 h5 30. Kg1 Bd8 31. Qd4+ Bf6
32. Qd3 Bd8 33. Qd4+ Bf6 34. Qd3 1/2-1/2

[Event "10th EICC"]
[Site "Budva MNE"]
[Date "2009.03.16"]
[Round "10"]
[White "Halkias,S"]
[Black "Spiric,I"]
[Result "1-0"]
[WhiteElo "2578"]
[BlackElo "2255"]
[EventDate "2009.03.06"]

1. d4 Nf6 2. c4 c5 3. d5 e6 4. Nc3 exd5 5. cxd5 d6 6. e4 g6 7. h3 Bg7 8.
Nf3 O-O 9. Bd3 a6 10. a4 Nbd7 11. O-O Qe7 12. Re1 h6 13. Bf4 g5 14. Bh2 g4
15. Nh4 Ne5 16. Nf5 Bxf5 17. exf5 h5 18. Qd2 Kh7 19. hxg4 hxg4 20. Bxe5
dxe5 21. g3 Bh6 22. Qe2 Rae8 23. Rad1 Qd6 24. Ne4 Nxe4 25. Qxe4 Qf6 26. Kg2
Rg8 27. Rh1 Rg5 28. d6 Rd8 29. Bc2 Rd7 30. Rd5 Kg7 31. a5 c4 32. Rhd1 Kg8
33. Qxc4 Bf8 34. Qb4 Qh6 35. Rh1 Qf6 36. Qe4 Bxd6 37. Rh4 Rd8 38. Rxg4 Rxg4
39. Qxg4+ Kf8 40. Qe4 Qe7 41. Rd3 Bc5 42. Rf3 f6 43. Qh4 Qg7 44. Rc3 Bd4
45. Rc4 Ke7 46. Ba4 Kd6 47. Qe4 Rh8 48. Rc6+ 1-0

[Event "10th EICC"]
[Site "Budva MNE"]
[Date "2009.03.16"]
[Round "10"]
[White "Neverov,V"]
[Black "Stojanovic,Da"]
[Result "1/2-1/2"]
[WhiteElo "2560"]
[BlackElo "2469"]
[EventDate "2009.03.06"]

1. d4 d5 2. c4 c6 3. Nf3 Nf6 4. Nc3 e6 5. Bg5 Nbd7 6. cxd5 exd5 7. e3 Be7
8. Qc2 Nh5 9. Bxe7 Qxe7 10. O-O-O Nb6 11. h3 g6 12. g4 Ng7 13. Ne5 Be6 14.
Kb1 O-O-O 15. Ka1 Kb8 16. Be2 Rc8 17. Nd3 Nd7 18. Na4 h5 19. a3 hxg4 20.
hxg4 Rh4 21. Rdg1 Ne8 22. Qc1 Rxh1 23. Rxh1 Nd6 24. Qg1 Nc4 25. Ndc5 Nxc5
26. Nxc5 b6 27. Qg3+ Ka8 28. Nxe6 Qxe6 29. g5 Qe4 30. Rc1 b5 31. Bxc4 dxc4
32. Qe5 Qf5 33. Qf6 Qxf6 34. gxf6 Kb7 35. Rh1 Kc7 36. Rh7 Rf8 37. b3 cxb3
38. Kb2 a5 39. Kxb3 Kd6 40. Rh1 Rc8 41. a4 bxa4+ 42. Kxa4 Rb8 43. Kxa5 c5
44. dxc5+ Kxc5 45. Rc1+ Kd6 46. Rc4 Rb2 47. Rf4 Ke5 1/2-1/2